[Event "FICGS W-ch st1 g05 email"]
[Site "FICGS email"]
[Date "2010.08.13"]
[Round "1"]
[White "Sautiere, Johan"]
[Black "Marcel, Alexis"]
[Result "1-0"]
[WhiteElo "1800"]
[BlackElo "907"]
[PlyCount "33"]
[EventDate "2010.??.??"]
[EventType "tourn (corr)"]
[EventRounds "6"]
[SourceTitle "Corr 2013"]
[Source "ChessBase"]
[SourceDate "2012.11.12"]
[SourceVersion "1"]
[SourceVersionDate "2012.11.12"]
[SourceQuality "1"]

1. e4 e5 2. Nf3 Nf6 3. Nxe5 d6 4. Nf3 Nxe4 5. Nc3 Nxc3 6. dxc3 Be7 7. Bd3 Nc6 8. 0-0 Bg4 9. Re1 0-0 10. Be4 Bd7 11. Qd3 f5 12. Bd5+ Kh8 13. Be3 g6 14. Bh6 Rf6 15. Bg5 Rf8 16. Rxe7 Nxe7 17. Qd4+ 1-0

[Event "FICGS W-ch st1 g05 email"]
[Site "FICGS email"]
[Date "2010.08.13"]
[Round "1"]
[White "Wosch, Arkadiusz Janusz"]
[Black "Sautiere, Johan"]
[Result "1-0"]
[WhiteElo "2218"]
[BlackElo "1800"]
[PlyCount "33"]
[EventDate "2010.??.??"]
[EventType "tourn (corr)"]
[EventRounds "6"]
[SourceTitle "Corr 2013"]
[Source "ChessBase"]
[SourceDate "2012.11.12"]
[SourceVersion "1"]
[SourceVersionDate "2012.11.12"]
[SourceQuality "1"]

1. e4 c5 2. Nf3 e6 3. d4 cxd4 4. Nxd4 a6 5. Bd3 Qc7 6. Nc3 Nc6 7. Be3 Nf6 8. 0-0 Ne5 9. h3 d6 10. f4 Nxd3 11. cxd3 e5 12. fxe5 dxe5 13. Rxf6 gxf6 14. Nd5 Qd6 15. Rc1 Bd7 16. Nf5 Bxf5 17. Nc7+ 1-0